| 000 | 01052cam a2200325 a 4500 | ||
|---|---|---|---|
| 005 | 20260322212050.0 | ||
| 008 | data | ||
| 010 | _a 88031700 | ||
| 020 | _a0816019711 | ||
| 020 | _a9780816019717 | ||
| 040 |
_aDLC _cDLC _dDLC |
||
| 042 | _alcac | ||
| 043 | _af-ua--- | ||
| 050 | 0 | 0 |
_aDT83 _b.H33 1990 |
| 082 | 0 | 0 |
_a932 _219 |
| 092 | _a932 H33 1990 | ||
| 100 | 1 | _aHarris, Geraldine. | |
| 245 | 1 | 0 |
_aAncient Egypt / _cGeraldine Harris. |
| 260 |
_aNew York : _bFacts on File, _cc1990. |
||
| 300 |
_a96 p. : _bill. (some col.), maps ; _c31 cm. |
||
| 440 | 0 | _aCultural atlas for young people | |
| 500 | _a"An Equinox book"--T.p. verso. | ||
| 504 | _aIncludes bibliographical references (p. 93) and index. | ||
| 520 | _aMaps, charts, illustrations, and text explore the history and culture of ancient Egypt. | ||
| 651 | 0 |
_aEgypt _xJuvenile literature. _yTo 640 A.D. _xJuvenile literature. |
|
| 651 | 0 |
_aEgypt _xJuvenile literature. _xJuvenile literature. |
|
| 651 | 1 |
_aEgypt _xHistory _yTo 640 A.D. |
|
| 651 | 1 |
_aEgypt _xAntiquities. |
|
| 001 | data | ||
| 999 |
_c1185 _d1185 |
||